Estudios de filosofía moderna

Bewaard in:
Bibliografische gegevens
Hoofdauteur: Láscaris Comneno, Constantino
Formaat: Boek
Taal:Undetermined
Gepubliceerd in: San Salvador, El Salvador Ministerio de Educación 1966
Onderwerpen:
Tags: Voeg label toe
Geen labels, Wees de eerste die dit record labelt!

MARC

LEADER 00000nam a2200000Ia 4500
008 170316s9999 xx 000 0 und d
090 |a 100 L-19e 
100 |a Láscaris Comneno, Constantino 
245 |a Estudios de filosofía moderna 
260 |a San Salvador, El Salvador 
260 |b Ministerio de Educación 
260 |c 1966 
300 |a 282 páginas 
650 |a FILOSOFÍA 
999 |c 16729  |d 16729 
040 |a cru BVZT 
942 |c 15 D  |h 100 L-19e  |2 z